Constitution government and politics in India (Record no. 25718)

MARC details
000 -LEADER
fixed length control field 00465nam a2200169Ia 4500
008 - FIXED-LENGTH DATA ELEMENTS--GENERAL INFORMATION
fixed length control field 230917s9999||||xx |||||||||||||| ||und||
020 ## - ISBN
Price RS450
040 ## - CATALOGING SOURCE
-- 245404
Original cataloging agency VIVEKANANDA LIBRARY
041 ## - Language
-- English
082 ## - DDC NUMBER
Classification number 342.54 P273C
100 ## - MAIN ENTRY--PERSONAL NAME
Personal name Patil, S H
245 #0 - TITLE STATEMENT
Title Constitution government and politics in India
260 ## - PUBLICATION, DISTRIBUTION, ETC. (IMPRINT)
Place of publication, distribution, etc Noida
Name of publisher, distributor, etc Vikas Publishing House
Date of publication, distribution, etc 2016
300 ## - PHYSICAL DESCRIPTION
Pages xx, 689 p.
500 ## - GENERAL NOTE
General note 3026 25/01/2018 HBD18/7297 28/02/2018 Main Budget
942 ## - ADDED ENTRY ELEMENTS (KOHA)
Koha item type Books
Holdings
Withdrawn status Lost status Damaged status Not for loan Location (home branch) Sublocation or collection (holding branch) Date acquired Koha issues (times borrowed) Koha full call number Accession No. Koha date last seen Koha item type
        VIVEKANANDA LIBRARY VIVEKANANDA LIBRARY 13/03/2018   342.54 P273C 372055 17/09/2023 Books
        VIVEKANANDA LIBRARY VIVEKANANDA LIBRARY 13/03/2018 2 342.54 P273C 372056 14/02/2026 Books
        VIVEKANANDA LIBRARY VIVEKANANDA LIBRARY 13/03/2018 1 342.54 P273C 372057 25/09/2025 Books
        VIVEKANANDA LIBRARY VIVEKANANDA LIBRARY 13/03/2018   342.54 P273C 372058 17/09/2023 Books
© Designed and Maintained by Vivekananda Library, MDU Rohtak